000 00750cab a2200253 4500
001 WB3321-13
008 090401t1997 xxu||||| |||| 00| 0 eng d
035 _a(Sirsi) u78607
041 _aeng
245 _aScottish assembly will create more jobs
260 _c1997
350 _a0
490 _aFinancial Times
_v28 May 1997, 20
490 _aHerald
_v28 May 1997, 17(2)
520 _aCreation of a Scottish parliament in Edinburgh could lead to 10,000 extra office jobs in the city, generating a need for more office space.
650 _aEDINBURGH
650 _aJOB CREATION
650 _aOFFICE SPACE
650 _aSCOTLAND
650 _aSCOTTISH PARLIAMENT
690 _aECONOMIC AND SOCIAL
942 _n0
948 _c28/05/1997
999 _c49435
_d49435